Регионална библиотека "Любен Каравелов" - Русе

Глобалната криза и България - социално-икономически и демографски проблеми и хуманитарни аспекти (Запис номер 133912)

MARC детайли
000 -Лидер
Контролно поле с фиксирана дължина 02849nam a2200445 c 4500
003 - Код на организацията, давaща контролен номер
Контролно поле BLK
005 - Дата и час на последна редакция
Контролно поле 20231216005245.0
008 - Елементи от данни с фиксирана дължина
fixed length control field 180409b bul|||||r ||||||| ||bul||
010 ## - Наследен системен номер
LC control number KNG00139815000
020 ## - Международен стандартен номер на книга ISBN
Международен стандартен номер на книга ISBN 954-9865-14-1
-- издат.: Фонд. Човещина
040 ## - Източник на каталожния запис
Идентификатор на билиотеката - собственик на записа BLK
041 ## - Код за език
Код за езика на текст/звукозапис или на отделно заглавие Български
Код за езика КДБФ Български
072 #7 - Код за тематичната категория
Код организация bullib
Код за тематична категория Н33
Текст Икономика Н
080 ## - УДК
Текстов определител УДК Стопански кризи. Депресии
УДК код - определител по УДК 338.124.4
УДК определител (100)(063)
УДК - код + определител 338.124.4(100)(063)
080 ## - УДК
Текстов определител УДК Международни икономически отношения. Външностопанска политика. Световно стопанство
УДК код - определител по УДК 339.9
УДК определител (063)
УДК - код + определител 339.9(063)
080 ## - УДК
Текстов определител УДК Социална диференциация. Социално разслоение
УДК код - определител по УДК 316.34
УДК определител (497.2)(063)
УДК - код + определител 316.34(497.2)(063)
139 ## - Редно поле
Редна дума Глобалната криза и България - социално-икономически и демографски проблеми и хуманитарни аспекти
Авторски знак Гли - Г 55
245 10 - Сведения за заглавието
Заглавие Глобалната криза и България - социално-икономически и демографски проблеми и хуманитарни аспекти
Подзаглавни данни Докл., изнесени на науч.-теор. конф., 12.I.2012 г., София
Редно поле (дума) състав. и науч. ред. Максим Николаев Мизов; състав. и науч. ред. Нако Райнов Стефанов.
257 ## - Страна на издаване
Страна на създаване/издаване България
260 ## - Област на издателските данни
-- София
Име на издателя, разпространителя и проч. Фонд. Човещина
Година на издаване 2012
Печатница София : Авангард Прима
300 ## - Физическа характеристика
Страници 410 с.
Илюстрации и др. с табл., диагр., к.
Размери/Мащаб 21 см
380 ## - Жанр
Жанр Обществени науки
500 ## - Общи забележки
Забележка Кор. загл. Глобалната криза и България. - Името на състав. отбелязано на гърба на загл. с. - Изд. на Балкански инст. по труда и социалната политика. - Нашите автори. - Библиогр. под линия.
650 #4 - Допълнително описание по предмет – тема
Основно описание – тема или топоним Стопански кризи - конференции
9 (RLIN) 290035
650 #4 - Допълнително описание по предмет – тема
Основно описание – тема или топоним Световно стопанство - конференции
9 (RLIN) 324147
650 #4 - Допълнително описание по предмет – тема
Основно описание – тема или топоним България - население - социология
9 (RLIN) 285966
651 #4 - Допълнително описание по предмет - топоним
Географско понятие България
9 (RLIN) 241624
653 ## - Ключова дума – ненормативна
Ключова дума стопански кризи
653 ## - Ключова дума – ненормативна
Ключова дума демография
653 ## - Ключова дума – ненормативна
Ключова дума социално-икономически проблеми
659 ## - Тематичен бюлетин
Тематичен бюлетин Н
700 ## - Други автори (авторска отговорност)
Лично име Мизов, Максим Николаев
9 (RLIN) 365087
700 1# - Други автори (авторска отговорност)
Лично име Стефанов, Нако Райнов
Автороска отговорност (Описва отношението между автора и произведението) състав. и науч. ред.
9 (RLIN) 365380
852 ## - Местоположение
Форматна сигнатура Цб 258425
856 4# - Електронен адрес и достъп
Електронен формат pdf - файл
Път до файла /url/
856 4# - Електронен адрес и достъп
Електронен формат pdf - файл
Път до файла /url/
942 ## - АРТИКУЛИ
Вид на библиотечния материал Книги
Скрит в OPAC Не
Koha issues (borrowed), all copies 3
944 ## - СЪЗДАВАНЕ И РЕДАКЦИЯ на ЗАПИСА
Създаване/Редакция Създаване
Дата на регистрацията/редакция 20.02.2013
Статус, дата на статуса CRON CRON
Служител, извършил регистрацията/редакцията
944 ## - СЪЗДАВАНЕ И РЕДАКЦИЯ на ЗАПИСА
Създаване/Редакция Редакция
Дата на регистрацията/редакция 12.08.2014
Статус, дата на статуса ф /
Служител, извършил регистрацията/редакцията
999 ## - СИСТЕМНИ КОНТРОЛНИ НОМЕРА
Koha biblionumber 133912
Koha biblioitemnumber 133912
Наличности
Код за отписване Код за изгубен артикул Източник на класификационната схема Код за повреда Коз за рестрикции Код за отдаване Артикулен № Име на библиотеката - собственик Име на библиотеката, в която се намира в момента Статус (Текущо местоположение) Дата на вписване в системата Местоположение - отдел Цена в лева Инвентарен номер Систематично азбучна сигнатура Баркод Номер на екземпляра Цена в евро Служебна бележка Служебен тип на артикула
Изтеглен Не е изгубен Universal Decimal Classification Не е повреден без рестрикции заемане за дома 218574 Регионална библиотека "Любен Каравелов" Русе Регионална библиотека "Любен Каравелов" Русе Заемна - подръчен фонд 2013-02-18 Заемна - подръчен фонд 20.00 120000764235 П 338/Г 55 120000764235 1 10.23 Дост: DA Вид: А N: 2 Дата: 18.02.2013 Дата инв: 05.02.2018 Бележки инв: П2018 Книги
  Не е изгубен   Не е повреден без рестрикции ползва се в читалня 218575 Регионална библиотека "Любен Каравелов" Русе Регионална библиотека "Любен Каравелов" Русе Хранилище 2013-10-15 Хранилище 20.00 120000770340 Цб 258425 120000770340 2 10.23 Дост: Dp Вид: Д N: 33 Дата: 13.08.2012 Книги
  Не е изгубен   Не е повреден без рестрикции заемане за дома 218576 Регионална библиотека "Любен Каравелов" Русе Регионална библиотека "Любен Каравелов" Русе Заемна - подръчен фонд 2014-06-23 Заемна - подръчен фонд 20.00 120000778506 П 338/Г 55 120000778506 3 10.23 Дост: DA Вид: А N: 10 Дата: 23.06.2014 Дата инв: 05.02.2018 Бележки инв: П2018 Книги
Vip Innovations Ltd, Rousse, Bulgaria 2025